<?xml version="1.0" encoding="UTF-8"?>
<collection xmlns="http://www.loc.gov/MARC21/slim">
<record>
  <controlfield tag="001">7123</controlfield>
  <datafield tag="036" ind1=" " ind2=" ">
    <subfield code="a">1958VacavilleCityCode</subfield>
  </datafield>
  <datafield tag="038" ind1=" " ind2=" ">
    <subfield code="a">1958VacavilleCityCode</subfield>
  </datafield>
  <datafield tag="041" ind1=" " ind2=" ">
    <subfield code="a">eng</subfield>
  </datafield>
  <datafield tag="100" ind1=" " ind2=" ">
    <subfield code="a">City of Vacaville</subfield>
  </datafield>
  <datafield tag="245" ind1=" " ind2=" ">
    <subfield code="a">1958 City of Vacaville - City Code</subfield>
  </datafield>
  <datafield tag="260" ind1=" " ind2=" ">
    <subfield code="c">1958</subfield>
  </datafield>
  <datafield tag="520" ind1=" " ind2=" ">
    <subfield code="a">The Code of the City of Vacaville, 1958.  The general ordinances of the City published by order of the City Council.  Passed at a regular meeting of the City Council on October 21st, 1958 with the following vote: AYES from Councilmen Gilley, Clark, Griffin, Moriel, and Cobble. ATTESTED: Olivia M. Hamlin, City Clerk. NOES: none. ABSENT: none. This City Code also includes various revisions through the year 1965.</subfield>
  </datafield>
  <datafield tag="856" ind1="0" ind2=" ">
    <subfield code="f">vacahc@gmail.com</subfield>
  </datafield>
  <datafield tag="980" ind1=" " ind2=" ">
    <subfield code="a">15824545534</subfield>
  </datafield>
  <datafield tag="650" ind1="1" ind2="7">
    <subfield code="2">CaVaHC</subfield>
    <subfield code="a">Publication/Reports</subfield>
  </datafield>
  <datafield tag="300" ind1=" " ind2=" ">
    <subfield code="a">399</subfield>
  </datafield>
</record>
</collection>